La dictadura. Desde los comienzos del pensamiento moderno de la soberanía hasta la lucha del proletariado.
Guardat en:
| Autor principal: | |
|---|---|
| Altres autors: | , , |
| Format: | Llibre |
| Publicat: |
Santiago, Chile:
Ediciones Olejnik,
2024.
|
| Edició: | Primera edición en ediciones Olejnik. |
| Col·lecció: | Biblioteca de Filosofía del Derecho.
|
| Matèries: | |
| Etiquetes: |
Afegir etiqueta
Sense etiquetes, Sigues el primer a etiquetar aquest registre!
|
MARC
| LEADER | 00000nam a22000007a 4500 | ||
|---|---|---|---|
| 003 | CL-VaPUC | ||
| 005 | 20250331161819.0 | ||
| 008 | 250325t2024 ||||| |||| 00| 0 spa d | ||
| 999 | |c 447662 |d 447660 | ||
| 020 | |a 978-956-407-527-3 | ||
| 040 | |c Pontificia Universidad Católica de Valparaíso | ||
| 082 | 7 | |2 22 |a 320.53 SCH 2024 | |
| 100 | 1 | |a Schmitt, Karl |e autor |9 481128 | |
| 245 | 1 | 3 | |a La dictadura. |b Desde los comienzos del pensamiento moderno de la soberanía hasta la lucha del proletariado. |
| 250 | |a Primera edición en ediciones Olejnik. | ||
| 260 | |a Santiago, Chile: |b Ediciones Olejnik, |c 2024. | ||
| 300 | |a 191 páginas. | ||
| 490 | |a Biblioteca de Filosofía del Derecho. | ||
| 500 | |a c.1. Donación Rectoría 20-1-2025. | ||
| 583 | |c 20250325 |k GC | ||
| 650 | |a Dictadura |x Pensamiento político |x Historia |9 897553 | ||
| 650 | |a Absolutismo monárquico |9 897554 | ||
| 700 | |a Agurto Gonzáles, Carlos Anrtonio |e edición |9 897555 | ||
| 700 | |a Quequejana Mamani, Sonia Lidia |9 897556 | ||
| 700 | |a Choque Cuenca, Benigno |e edición |9 897557 | ||
| 942 | |2 ddc |c BK | ||
| 952 | |0 0 |1 0 |2 ddc |4 0 |6 320_530000000000000_SCH_2024 |7 0 |8 A |9 601893 |a BIBDER |b BIBDER |d 2025-03-25 |e Donación |i 5666771 |o 320.53 SCH 2024 |p 5666771 |r 2025-03-25 |t 1 |w 2025-03-25 |y BK |k DER | ||